[Event "BL2-O9293"]
[Site "Germany"]
[Date "1993.??.??"]
[Round "?"]
[White "Heinz, Juergen"]
[Black "Ploetz, Werner"]
[Result "0-1"]
[WhiteElo "2310"]
[BlackElo "2235"]

1.Nf3 Nf6 2.c4 e6 3.g3 d5 4.d4 Be7 5.Bg2 O-O 6.O-O dxc4 7.Ne5 Nc6 8.Nxc6 bxc6
9.Bxc6 Rb8 10.e3 Nd5 11.Qe2 Qd6 12.Ba4 c3 13.Nxc3 Ba6 14.Qd1 Bxf1 15.Qxf1 Nxc3
16.bxc3 c5 17.Qd3 Rfc8 18.Bc2 g6 19.Bd2 Qc6 20.Qe2 Bf6 21.Qg4 Rb2 22.Rc1 Rxa2
23.Be1 Qa6 24.Qf4 Ra1 25.Bb1 Bg7 26.Kg2 Qa3 27.Rd1 Qb2 28.Bc2 Rc1 29.Qe4  0-1

[Event "NRW-Liga I 9293"]
[Site "Germany"]
[Date "1993.??.??"]
[Round "?"]
[White "Laven, Ralf"]
[Black "Bayer, Ernst Wolfgang"]
[Result "1/2-1/2"]
[WhiteElo "2315"]
[BlackElo "2295"]

1.d4 d5 2.c4 e6 3.Nf3 Nf6 4.g3 Be7 5.Bg2 O-O 6.O-O dxc4 7.Qc2 a6 8.Qxc4 b5
9.Qc2 Bb7 10.Bf4 Nc6 11.Rd1 Qc8 12.a3 Na5 13.Nc3 Nc4 14.e4 c5 15.d5 exd5
16.Nxd5 Nxd5 17.exd5 Bd6 18.Bc1 h6 19.b3 Nb6 20.Bb2 Re8 21.Qc3 Bf8 22.Ne5 Qf5
23.d6 Bxg2 24.Kxg2 Nd7 25.Nxd7 Qxd7 26.Rd5 Rac8 27.Rad1 Re6 28.Rxc5  1/2-1/2

[Event "NRW-Liga II 9293"]
[Site "Germany"]
[Date "1993.??.??"]
[Round "?"]
[White "Odendahl, Reiner"]
[Black "Schoenthier, Frank"]
[Result "1/2-1/2"]
[WhiteElo "2295"]
[BlackElo "2355"]

1.Nf3 Nf6 2.c4 e6 3.g3 Be7 4.Bg2 d5 5.d4 O-O 6.O-O dxc4 7.a4 Bd7 8.Nbd2 Bc6
9.Nxc4 Nbd7 10.b3 Bd5 11.Bb2 c5 12.Rc1 Rc8 13.Ne3 Be4 14.Nd2 Bxg2 15.Kxg2 cxd4
16.Bxd4 Rxc1 17.Qxc1 Qb8 18.Qb2 Rc8 19.Rc1 b6  1/2-1/2

[Event "Bundesliga 9293"]
[Site "Germany"]
[Date "1993.??.??"]
[Round "?"]
[White "Maiwald, Jens Uwe"]
[Black "Goldberg, Alexander"]
[Result "0-1"]
[WhiteElo "2400"]
[BlackElo "2365"]

1.d4 Nf6 2.c4 e6 3.g3 d5 4.Nf3 Be7 5.Bg2 O-O 6.O-O dxc4 7.Ne5 Nc6 8.Nxc6 bxc6
9.Nc3 Rb8 10.Na4 Nd5 11.Bd2 Ba6 12.Qc2 Bb5 13.Rab1 Nb6 14.Nc3 Qxd4 15.a4 Ba6
16.Be3 Qd7 17.Rfd1 Bd6 18.a5 Nd5 19.Bxa7 Rb3 20.Rd4 Ra8 21.Rh4 Rxa7 22.Qxh7+ Kf8
23.Qh8+ Ke7 24.Ne4 Be5 25.Rd1 Rxb2 26.f4 Bf6 27.Nxf6 gxf6 28.Qg7 Ra8 29.Rh6 Rxe2
30.Bf3 c3 31.Rxd5 cxd5 32.Bxe2 Bxe2 33.Qxf6+ Kd6 34.Qe5+ Kc6 35.f5 Qd6 36.Qxe2 Qc5+
37.Kg2 c2 38.fxe6 fxe6 39.Rxe6+ Kb7 40.a6+ Ka7  0-1

[Event "BL2-N9293"]
[Site "Germany"]
[Date "1993.??.??"]
[Round "?"]
[White "Romanishin, Oleg M"]
[Black "Cladouras, Panagiotis"]
[Result "1-0"]
[WhiteElo "2590"]
[BlackElo "2330"]

1.d4 Nf6 2.Nf3 e6 3.g3 d5 4.Bg2 Be7 5.c4 O-O 6.Qc2 dxc4 7.Qxc4 a6 8.Qc2 c5
9.dxc5 Qa5+ 10.Nc3 Qxc5 11.O-O Nc6 12.Be3 Qh5 13.Rfd1 Ng4 14.Bb6 Nce5 15.h3 Nxf3+
16.exf3 Ne5 17.f4 Ng6 18.Be3 e5 19.g4 Qh4 20.f5 Nf4 21.Bxf4 exf4 22.Nd5 Bg5
23.Nb6 f3 24.Bxf3 Qxh3 25.Bg2 Qxg4 26.Nxa8 Bxf5 27.Qb3 Be4 28.Qg3 Qxg3 29.fxg3 Bxg2
30.Kxg2 Rxa8 31.Rd7 Rb8 32.Rf1 Bf6 33.Rc1 h6 34.b3 b5 35.Rdc7 Kh7 36.Rc8 Rb6
37.R1c6 Rb7 38.R8c7 Rb8 39.Rc8 Rb7 40.R8c7 Rb8 41.Rxf7 Kg6 42.Ra7 Rd8 43.Raxa6 Kf5
44.Rd6 Rc8 45.Rac6 Ra8 46.Rd2 b4 47.Kf3 Rb8 48.Rd5+ Kg6 49.Rdd6 Ra8 50.Ra6 Rc8
51.Rdb6 Rc3+ 52.Kg2 Kf5 53.Rxb4 Be5 54.g4+  1-0

[Event "BL2-W9293"]
[Site "Germany"]
[Date "1993.??.??"]
[Round "?"]
[White "Schoebel, Wolfgang"]
[Black "Ambroz, Jan"]
[Result "1/2-1/2"]
[WhiteElo "2210"]
[BlackElo "2405"]

1.d4 Nf6 2.c4 e6 3.g3 d5 4.Bg2 Be7 5.Nf3 O-O 6.O-O c6 7.Nbd2 b6 8.b3 Bb7
9.Bb2 a5 10.Qc2 Na6 11.e4 Nb4 12.Qb1 Rc8 13.Rd1 Rc7 14.a3 Na6 15.h4 h6 16.e5 Nd7
17.cxd5 cxd5 18.Bf1 Nab8 19.Bd3 Qc8 20.Bh7+ Kh8 21.Kg2 Re8 22.Rh1 Nf8 23.Bd3 Ba6
24.Nf1 Bxd3 25.Qxd3 Qa6 26.Qd1 Nbd7 27.Ne3 f5 28.Ng5 Qa8 29.Qh5 Nxe5 30.Nxf5 exf5
31.dxe5 d4+ 32.Nf3 Ne6 33.Rac1 Rxc1 34.Rxc1 Rf8 35.Qg6 Qd5 36.Rc4 b5 37.Rxd4 Nxd4
38.Bxd4 Qd8 39.a4 bxa4 40.bxa4 f4 41.gxf4 Rxf4 42.Be3 Rxa4 43.Bxh6 gxh6 44.Qxh6+ Kg8
45.Qg6+ Kh8  1/2-1/2

[Event "BL2-N9293"]
[Site "Germany"]
[Date "1993.??.??"]
[Round "?"]
[White "Lieb, Harald"]
[Black "Sieg, Martin"]
[Result "1/2-1/2"]
[WhiteElo "2300"]
[BlackElo "2290"]

1.d4 Nf6 2.c4 e6 3.Nf3 d5 4.g3 Be7 5.Bg2 c6 6.O-O O-O 7.Nc3 b6 8.Bf4 a5 9.Rc1 Ba6
10.cxd5 exd5 11.Ne5 Ra7 12.Re1 Nfd7 13.Qa4 Nxe5 14.Bxe5 b5 15.Qc2 Nd7 16.Bf4 f5
17.h4 g6 18.Nb1 Bb7 19.Nd2 Nf6 20.Nf3 Bd6 21.Ne5 Bxe5 22.Bxe5 Ba8 23.Qd2 Raf7
24.Rc2 Nh5 25.e3 Nf6 26.Rec1 Ne4 27.Qe2 Qd7 28.Qe1 a4 29.b3 axb3 30.axb3 Bb7
31.Ra1 Nd6 32.Qb4 Nc8 33.Bf4 Re8 34.Bf3 Qe6 35.Kg2 Rd7 36.Rh1 Nd6 37.Bxd6 Rxd6
38.Ra1 Rd7 39.Rca2 Rg7 40.Ra7 h6 41.Qd2 Qf6 42.Rh1 Rf8 43.Raa1 Bc8 44.Bd1 c5
45.Bf3 c4 46.Bxd5+ Be6 47.bxc4 bxc4 48.Bxe6+ Qxe6 49.Qe2 f4 50.gxf4 Rxf4
51.f3 Rxd4 52.e4 Rgd7 53.Rhd1 Rd3 54.Rxd3 cxd3 55.Qd2 Qb3 56.Rc1 Kh7 57.Rd1 Qb5
58.Qe3 Qb2+ 59.Rd2 Qc3 60.Kg3 Kg7 61.f4 Qc4 62.e5 h5 63.Qb6 Rf7 64.Qe3  1/2-1/2

[Event "Groningen PCA"]
[Site "Groningen"]
[Date "1993.??.??"]
[Round "9"]
[White "Tukmakov, Vladimir B"]
[Black "Ribli, Zoltan"]
[Result "1/2-1/2"]
[WhiteElo "2600"]
[BlackElo "2610"]

1.d4 Nf6 2.c4 e6 3.g3 d5 4.Bg2 Be7 5.Nf3 O-O 6.O-O Nbd7 7.Qc2 c6 8.Bf4 Nh5
9.Bc1 Nhf6 10.b3 b6 11.Rd1 Ba6 12.Nbd2 Rc8 13.e4 c5 14.exd5 exd5 15.a4 Re8
16.Bb2 Bb7 17.Rac1 Qc7 18.Re1 dxc4 19.Nxc4 Qb8 20.Nfe5 Bxg2  1/2-1/2

[Event "Gyula"]
[Site "Gyula"]
[Date "1993.??.??"]
[Round "5"]
[White "Almasi, Istvan"]
[Black "Kaunas, Kestutis"]
[Result "1-0"]
[WhiteElo "2400"]
[BlackElo "2350"]

1.d4 Nf6 2.c4 e6 3.g3 d5 4.Bg2 Be7 5.Nf3 O-O 6.O-O dxc4 7.Qc2 a6 8.Qxc4 b5
9.Qc2 Bb7 10.Bd2 Be4 11.Qc1 Bb7 12.Qc2 Be4 13.Qc1 Bb7 14.Bf4 Nd5 15.Rd1 Nd7
16.Nc3 c5 17.dxc5 Nxc5 18.Nxd5 Bxd5 19.Ne5 Rc8 20.Bxd5 exd5 21.Qd2 Ne6 22.Rac1 Rxc1
23.Qxc1 Bc5 24.Nd3 Bb6 25.Be5 Re8 26.Qc6 Ng5 27.Kf1 h6 28.f4 Re6 29.Qb7 Re7
30.Qc6 Re6 31.Qb7 Re7 32.Qb8 Qxb8 33.Bxb8 Re8 34.fxg5 Rxb8 35.gxh6 gxh6 36.Rc1 a5
37.Rc6 Kg7 38.b3 a4 39.Rd6 d4 40.b4 a3 41.Rd5 Ba7 42.Ke1 Rb7 43.Kd2 Kf6 44.Rd6+ Kg5
45.Ne5 Kf5 46.Nc6 Ke4 47.Rxh6 f5 48.Rh4+ Kd5 49.Nxa7 Rxa7 50.Kd3 Ke5 51.Rxd4 Rh7
52.Rh4 Rd7+ 53.Kc2 Re7 54.Kd3 Rd7+ 55.Kc2 Re7 56.Rf4 Rh7 57.h4 Rg7 58.Rf3 Ra7
59.Rc3 Ke4 60.Rc5 Rg7 61.Rc3 Ra7 62.Kb3 Ra8 63.Rf3 Ra7 64.Rf4+ Ke5 65.Rf2 Rg7
66.Rf3 Ra7 67.h5 Rh7 68.Rc3 Rxh5 69.g4 Rh2 70.Rc5+ Kd4 71.gxf5 Rxe2 72.Rxb5 Re3+
73.Ka4 Rc3 74.Rc5 Rf3 75.f6 Rxf6 76.Kxa3 Ra6+ 77.Kb3 Rf6 78.Rc4+ Kd5 79.a4 Rf1
80.Rc5+ Kd6 81.a5 Ra1 82.Kc4  1-0

[Event "Wichern op"]
[Site "Hamburg"]
[Date "1993.??.??"]
[Round "5"]
[White "Davies, Nigel R"]
[Black "Korneev, Oleg"]
[Result "1/2-1/2"]
[WhiteElo "2505"]
[BlackElo "2475"]

1.d4 d5 2.Nf3 Nf6 3.c4 e6 4.g3 Be7 5.Bg2 O-O 6.O-O dxc4 7.Qc2 a6 8.a4 Bd7
9.Qxc4 Bc6 10.Bg5 Nbd7 11.Nc3 Nd5 12.Bxe7 Qxe7 13.Nxd5 Bxd5 14.Qxc7 Rac8
15.Qf4 Qb4 16.e4 Bc4 17.Rfc1 Qxb2 18.Qd2 Qxd2 19.Nxd2 Bd3 20.Bf1 Bxf1 21.Kxf1 Rxc1+
22.Rxc1 Rb8  1/2-1/2

[Event "Heraklio op"]
[Site "Heraklio"]
[Date "1993.??.??"]
[Round "1"]
[White "Wojtkiewicz, Aleksander"]
[Black "Zahilas, Loukas N"]
[Result "1-0"]
[WhiteElo "2570"]
[BlackElo "2205"]

1.Nf3 Nf6 2.c4 e6 3.g3 d5 4.Bg2 Be7 5.d4 O-O 6.Qc2 c6 7.O-O Nbd7 8.b3 b6
9.Bb2 Bb7 10.Nc3 Rc8 11.e4 dxe4 12.Nxe4 Nxe4 13.Qxe4 Nf6 14.Qc2 c5 15.Rad1 Qc7
16.d5 exd5 17.Be5 Qd8 18.Ng5 h6 19.Bxd5 Bxd5 20.Rxd5 Qe8 21.Bxf6 hxg5 22.Bxg5 Bxg5
23.Rxg5 Qe6 24.Rd1 Rfe8 25.Rgd5 Rc7 26.Kg2 Rce7 27.Qd3 g6 28.h4 Qf6 29.Qf3 Kg7
30.Qxf6+ Kxf6 31.Rd7 a5 32.Rxe7 Rxe7 33.Rd6+  1-0

[Event "Heraklio summer"]
[Site "Heraklio"]
[Date "1993.??.??"]
[Round "9"]
[White "Mastrokoukos, Georgios"]
[Black "Gratseas, Stefanos"]
[Result "1-0"]
[WhiteElo "2320"]
[BlackElo "2240"]

1.Nf3 Nf6 2.d4 d5 3.c4 e6 4.g3 Be7 5.Bg2 O-O 6.O-O dxc4 7.Qc2 a6 8.a4 a5
9.Qxc4 Na6 10.Nc3 Nb4 11.Rd1 c6 12.Ne5 Qb6 13.Bg5 h6 14.Bxf6 Bxf6 15.Ne4 Be7
16.Nc5 Rd8 17.e3 Na6 18.Be4 Qc7 19.Ncd3 Nb4 20.Nxb4 Bxb4 21.Bc2 Bd7 22.Qd3 f5
23.Bb3 Kh7 24.Qe2 Rf8 25.Rac1 Rf6 26.Nd3 Bd6 27.Nc5 Raf8 28.Ba2 g5 29.Bb1 Kg7
30.Rc3 b6 31.Nd3 Be8 32.f4 g4 33.Ne5 h5 34.e4 Bb4 35.Rcc1 h4 36.d5 hxg3 37.hxg3 Rh8
38.exf5 exf5 39.Bxf5 Rfh6 40.Be4 Bc5+ 41.Rxc5 bxc5 42.Qxg4+ Kf8 43.Qf5+ Ke7
44.Qg5+ Kf8 45.dxc6 c4 46.Nd7+ Bxd7 47.Qc5+  1-0

[Event "HUN-chT2"]
[Site "HUN"]
[Date "1993.??.??"]
[Round "?"]
[White "Kozma, Karoly"]
[Black "Meszaros, Gyula"]
[Result "1/2-1/2"]
[WhiteElo "2320"]
[BlackElo "2260"]

1.d4 Nf6 2.c4 e6 3.g3 d5 4.Bg2 Be7 5.Nf3 O-O 6.O-O b6 7.b3 Bb7 8.Bb2 Nbd7
9.Nc3 c5 10.cxd5 Nxd5 11.Nxd5 Bxd5 12.dxc5 Nxc5 13.Ne5 Bxg2 14.Kxg2 Qc7 15.Ng4 Qb7+
16.f3 Rfd8 17.Qc2 Rac8 18.Qc3 f6 19.Qe3 e5 20.Rac1 Ne6 21.Rxc8 Qxc8 22.Rc1 Qd7
23.Rc2 Qd5 24.Qc1  1/2-1/2

[Event "HUN-chT"]
[Site "HUN"]
[Date "1993.??.??"]
[Round "?"]
[White "Kaposztas, Miklos"]
[Black "Horvath, Gyula"]
[Result "1/2-1/2"]
[WhiteElo "2295"]
[BlackElo "2420"]

1.c4 Nf6 2.g3 e6 3.Bg2 d5 4.Nf3 Be7 5.d4 O-O 6.Nc3 dxc4 7.Qa4 a6 8.Qxc4 b5
9.Qb3 Bb7 10.O-O c5 11.dxc5 Nbd7 12.c6 Bxc6 13.Bf4 Nc5 14.Qc2 b4 15.Nd1 Rc8
16.Ne3 Be4 17.Qd2 Na4 18.Rfd1 Qb6 19.Ne5 Rfd8 20.Nd3 Bxg2 21.Nxg2 h6 22.Rac1 Ne4
23.Qe1 b3 24.axb3 Qxb3 25.Rxc8 Rxc8 26.Rc1 Rxc1 27.Qxc1 Nac5 28.Nge1 Qb5
29.Be3 Nxd3  1/2-1/2

[Event "HUN-chT2"]
[Site "HUN"]
[Date "1993.??.??"]
[Round "?"]
[White "Kozma, Karoly"]
[Black "Kovacs, Gabor M"]
[Result "1-0"]
[WhiteElo "2320"]
[BlackElo "2320"]

1.d4 Nf6 2.c4 e6 3.g3 d5 4.Bg2 Be7 5.Nf3 O-O 6.O-O b6 7.cxd5 exd5 8.Nc3 Bb7
9.Ne5 Nbd7 10.Qa4 c5 11.Nxd7 Nxd7 12.Nxd5 cxd4 13.Qxd4 Bc5 14.Qd1 Re8 15.Bf4 Ba6
16.Nc3 Nf6 17.Qa4 Bxe2 18.Nxe2 Rxe2 19.Rad1 Qf8 20.b4 Be7 21.Bxa8 Qxa8 22.Rde1 Re4
23.Rxe4 Qxe4 24.Qxa7 h6 25.Qb8+ Kh7 26.Qxb6 Bxb4 27.Qe3 Qf5 28.Kg2 g5 29.Bb8 Ne4
30.Qd3 Bc5 31.f3 Nxg3 32.Qxf5+ Nxf5 33.Rb1 Nh4+ 34.Kg3 Nf5+ 35.Kg2 Nh4+ 36.Kg3 Nf5+
37.Kh3 Nd4 38.Rb7 Kg6 39.Kg2 Nf5 40.a4 Nh4+ 41.Kg3 f5 42.f4 Kh5 43.a5 Ng6
44.a6 Be3 45.a7 gxf4+ 46.Bxf4  1-0

[Event "HUN-chT"]
[Site "HUN"]
[Date "1993.??.??"]
[Round "?"]
[White "Konopka, Michal"]
[Black "Schepp, Zoltan"]
[Result "1-0"]
[WhiteElo "2380"]
[BlackElo "2240"]

1.Nf3 Nf6 2.c4 e6 3.g3 d5 4.d4 Be7 5.Bg2 O-O 6.O-O c6 7.Qc2 Nbd7 8.b3 Ne4
9.Bb2 f5 10.Nbd2 Qe8 11.Ne5 Nxd2 12.Qxd2 Qh5 13.Nd3 g5 14.e3 Nf6 15.Qd1 g4
16.h4 Bd6 17.Qc1 Ne4 18.Ba3 Nxg3 19.fxg3 Bxg3 20.Bxf8 Qxh4 21.Rd1 Kxf8 22.Nf4 Kg7
23.Kf1 Bd7 24.Ke2 Bxf4 25.exf4 Qh2 26.Rg1 c5 27.Qe3 cxd4 28.Qxd4+ Kf7 29.Qf2 Qh6
30.Rh1 Qg7 31.Rad1 Bc6 32.Qd4 e5 33.Bxd5+ Kg6 34.fxe5 Re8 35.e6 Qxd4 36.Rxd4 h5
37.Kf2 Kg5 38.Re1 h4 39.Bxc6 bxc6 40.e7 Kf6 41.Rd6+  1-0

[Event "HUN-chT"]
[Site "HUN"]
[Date "1993.??.??"]
[Round "?"]
[White "Konopka, Michal"]
[Black "Lengyel, Bela"]
[Result "1-0"]
[WhiteElo "2350"]
[BlackElo "2380"]

1.Nf3 d5 2.d4 Nf6 3.c4 e6 4.g3 Be7 5.Bg2 O-O 6.O-O dxc4 7.Qc2 a6 8.Qxc4 b5
9.Qc2 Bb7 10.Bg5 Be4 11.Qc1 Nbd7 12.Nbd2 Bd5 13.Nb3 Rc8 14.Nc5 Nxc5 15.dxc5 h6
16.Be3 c6 17.Rd1 Qc7 18.Bf4 Qa7 19.b4 a5 20.a3 Rfd8 21.Be5 Ra8 22.Qb2 axb4
23.axb4 Qb7 24.Ne1 Ra4 25.Bxd5 exd5 26.Nc2 Rda8 27.Rxa4 Rxa4 28.Ne3 Qd7 29.Ra1 Rxa1+
30.Qxa1 Qe6 31.Bd4 h5 32.Qb1 g6 33.Qa1 Nd7 34.Qa8+ Nf8 35.Qe8 Bg5 36.Qa8 Qe4
37.Qa1 h4 38.f4 Be7 39.Kf2 Ne6 40.Bc3 d4  1-0

[Event "HUN-chT"]
[Site "HUN"]
[Date "1993.??.??"]
[Round "?"]
[White "Polyak, Istvan"]
[Black "Kadar, Gabor"]
[Result "0-1"]
[WhiteElo "2270"]
[BlackElo "2330"]

1.d4 Nf6 2.c4 e6 3.g3 d5 4.Bg2 Be7 5.Nf3 O-O 6.O-O b6 7.Qc2 Bb7 8.Ne5 c5
9.dxc5 bxc5 10.cxd5 exd5 11.b3 Nc6 12.Nxc6 Bxc6 13.Bb2 Qb6 14.Nd2 Rac8 15.Nf3 a5
16.Ne5 Ba8 17.Rab1 Qa6 18.Rfd1 Rfd8 19.e3 Qe6 20.Qd2 Bd6 21.Nf3 Bc7 22.Ng5 Qf5
23.h4 d4 24.Bxa8 Rxa8 25.Qd3 Qg4 26.exd4 h6 27.Nf3 Bxg3 28.fxg3 Qxg3+ 29.Kh1 Ng4
30.Rd2 Re8 31.Ne5 Qxh4+ 32.Kg1 Nxe5 33.dxe5 Rad8 34.Qe3 Rxd2 35.Qxd2 Re6
36.Rd1 Rg6+ 37.Kf1 Qh1+ 38.Ke2 Rg2+ 39.Ke3 Qh3+ 40.Ke4 Qg4+ 41.Kd3 Rxd2+
42.Rxd2 h5 43.Rc2  0-1

[Event "HUN-chT"]
[Site "HUN"]
[Date "1993.??.??"]
[Round "?"]
[White "Nikovits, Tibor"]
[Black "Letay, Gyula"]
[Result "0-1"]
[WhiteElo "2245"]
[BlackElo "2285"]

1.d4 d5 2.Nf3 Nf6 3.c4 e6 4.g3 Be7 5.Bg2 c6 6.Qc2 Nbd7 7.O-O O-O 8.Nbd2 b6
9.b3 Bb7 10.Bb2 Rc8 11.e4 Qc7 12.Rac1 Qb8 13.Rfd1 Rfd8 14.Qb1 Qa8 15.Ne5 dxe4
16.Nxe4 c5 17.Ng5 Bxg2 18.d5 Be4 19.Nxe4 exd5 20.cxd5 Nxd5 21.Qc2 Nxe5 22.Bxe5 Nb4
23.Qe2 Qc6 24.Qg4 Qg6 25.Qxg6 hxg6 26.a3 Nd3 27.Bd6 Nxc1  0-1

[Event "HUN-chT"]
[Site "HUN"]
[Date "1993.??.??"]
[Round "?"]
[White "Horvath, Jozsef"]
[Black "Mate, Laszlo"]
[Result "1/2-1/2"]
[WhiteElo "2535"]
[BlackElo "2285"]

1.d4 Nf6 2.Nf3 d5 3.c4 e6 4.g3 Be7 5.Bg2 O-O 6.O-O dxc4 7.Qc2 a6 8.Qxc4 b5
9.Qc2 Bb7 10.Bf4 Nc6 11.Rd1 Nb4 12.Qc1 Nbd5 13.Be5 c5 14.dxc5 Qc8 15.Bd6 Bxd6
16.cxd6 Qxc1 17.Rxc1 Ne4 18.d7 Nef6 19.Ne5 Rad8 20.Bxd5 Nxd5 21.Nc3 f6 22.Nd3 Nxc3
23.Rxc3 Rxd7 24.Nc5 Rc7 25.Nxb7 Rxb7 26.Rd1 Ra8 27.f4 Kf7 28.Rd6 Re7 29.Kf2 e5
30.f5 b4 31.Rc4 a5 32.Ke3 Raa7 33.Ke4 Rec7 34.b3 a4 35.Rxb4 axb3 36.axb3 Ra2
37.Kd3 Ke7 38.Re6+ Kf7 39.Reb6 Rd7+ 40.Ke3 h5 41.Rb7 Rd2 42.Rxd7+ Rxd7 43.Rc4 Rd1
44.Rc7+ Kg8 45.b4 Rb1 46.Rb7 Rb2 47.b5 Kh7 48.Kd3 Kh6 49.b6 g6 50.fxg6 Kxg6
51.Rb8 Kf5 52.b7 Rb3+ 53.Kc4 Rb1 54.Kd5 Rd1+ 55.Kc6 Rc1+ 56.Kd7 Rb1 57.Ke7 Rb6
58.Kd7 Rb1 59.Kc6 Rc1+ 60.Kd5 Rd1+ 61.Kc4 Rb1 62.Kd3 Rb3+ 63.Kc4 Rb1  1/2-1/2

[Event "Jakarta Interzonal (Women)"]
[Site "Jakarta"]
[Date "1993.??.??"]
[Round "?"]
[White "Lelchuk, Zoja"]
[Black "Botsari Miladinovic, Anna Maria"]
[Result "0-1"]
[WhiteElo "2340"]
[BlackElo "2245"]

1.c4 e6 2.d4 Nf6 3.Nf3 d5 4.g3 Be7 5.Bg2 O-O 6.O-O dxc4 7.Ne5 Nc6 8.Nxc6 bxc6
9.Na3 Bxa3 10.bxa3 Nd5 11.Qc2 Nb6 12.Rd1 Qe7 13.a4 a5 14.Bxc6 Ra7 15.Rb1 Qd6
16.Bg2 Bd7 17.Qc3 Rc8 18.Ba3 Nxa4 19.Qc1 Qa6 20.e4 Bb5 21.d5 Rb7 22.dxe6 Qxe6
23.Qc2 Qe8 24.Bh3 Rcb8 25.Rd4 h6 26.Bf5 g6 27.Bh3 c5 28.Rdd1 c3 29.Bg2 Bc6
30.Rxb7 Rxb7 31.Bc1 Kh7 32.Rd6 Bb5 33.Qd1 Rd7 34.Qd5 Rxd6 35.Qxd6 Qd7 36.Qxd7 Bxd7
37.Bf1 Bc6 38.a3 c4 39.f4 Nc5 40.f5 gxf5 41.exf5 Bd5 42.Kf2 Nd3+ 43.Bxd3 cxd3
44.Ke3 d2 45.Bxd2 cxd2 46.Kxd2 Be4 47.g4 Bf3 48.h3 Bg2 49.Ke3 Bxh3 50.Kf4 f6
51.Kg3 Bf1 52.Kh4 Kg7  0-1

[Event "Kassel op"]
[Site "Kassel"]
[Date "1993.??.??"]
[Round "1"]
[White "Schmitt, Axel"]
[Black "Perisic, Radivoj"]
[Result "1-0"]
[WhiteElo "2325"]
[BlackElo "2290"]

1.Nf3 Nf6 2.c4 e6 3.g3 d5 4.d4 Be7 5.Bg2 O-O 6.O-O Nbd7 7.Qc2 c6 8.b3 Re8
9.Nc3 Nb6 10.Qd3 c5 11.cxd5 Nbxd5 12.Nxd5 Nxd5 13.Bb2 Bd7 14.dxc5 Bxc5 15.Ne5 Bc6
16.Nxc6 bxc6 17.Rac1 Qe7 18.Bxd5 cxd5 19.Qc3 Qf6 20.Qxf6  1-0

[Event "Katowice op"]
[Site "Katowice"]
[Date "1993.??.??"]
[Round "2"]
[White "Shipov, Sergei"]
[Black "Litinskaya, Marta I"]
[Result "1-0"]
[WhiteElo "2490"]
[BlackElo "2340"]

1.d4 Nf6 2.c4 e6 3.g3 d5 4.Bg2 Be7 5.Nf3 O-O 6.O-O dxc4 7.Qc2 a6 8.Qxc4 b5
9.Qc2 Bb7 10.Bd2 Nbd7 11.Ba5 Bd6 12.Nbd2 Qc8 13.e4 e5 14.Bh3 Qe8 15.Rfe1 c5
16.d5 g6 17.a4 Nh5 18.Bf1 Ndf6 19.Qb3 b4 20.Nc4 Qe7 21.Bh3 Bc8 22.Bxc8 Raxc8
23.Bb6 Nd7 24.a5 Ng7 25.Nfd2 Ne8 26.Qd3 f6 27.Rac1 Rf7 28.Rc2 Qf8 29.Rec1 Be7
30.Nb3 Rb8 31.Rd1 f5 32.d6 Bd8 33.Nxc5 Bxb6 34.Nxb6 Nxc5 35.Rxc5 fxe4 36.Qd2 Nf6
37.h4 Re8 38.Nc4 Nd7 39.Rc7 Qg7 40.Qd5 Qf6 41.Rd2 Kg7 42.Qxe4 h5 43.Nb6 Qe6
44.Rxd7 Rxd7 45.Nxd7 Qxd7 46.Qxb4 Rc8 47.Rd1 Rc6 48.Qa4 Kf6 49.Qxc6  1-0

[Event "Katowice op"]
[Site "Katowice"]
[Date "1993.??.??"]
[Round "4"]
[White "Kastanieda, Georgiy"]
[Black "Korneev, Oleg"]
[Result "0-1"]
[WhiteElo "2315"]
[BlackElo "2490"]

1.d4 Nf6 2.Nf3 d5 3.c4 e6 4.g3 Be7 5.Bg2 O-O 6.O-O dxc4 7.Na3 Bd7 8.Nxc4 Bc6
9.b3 Nbd7 10.Bb2 Nb6 11.Rc1 Nxc4 12.bxc4 Be4 13.Qb3 c5 14.Rfd1 Qb6 15.e3 Rfd8
16.Ne5 Bxg2 17.Kxg2 h6 18.Bc3 Ne4 19.Ba1 cxd4 20.exd4 Bf6 21.Qe3 Bxe5 22.Qxe4 Bf6
23.h4 Rac8 24.Rc2 Qc6 25.Qxc6 Rxc6 26.Kf3 Rdc8 27.Rdc1 Be7 28.Ke4 Ba3 29.Bb2 Bxb2
30.Rxb2 Rxc4 31.Rxc4 Rxc4 32.Rxb7 Ra4 33.Rb2 Kf8 34.h5 Ke7 35.g4 Kf6 36.f4 Ra3
37.Rg2 a6 38.g5+ Ke7 39.Rb2 f5+ 40.gxf6+ Kxf6 41.f5 exf5+ 42.Kf4 Ra5 43.Rb6+ Kf7
44.d5 Rxd5 45.Rxa6 Rd4+ 46.Kxf5 Rh4 47.Ra7+ Kg8 48.a4 Rxh5+ 49.Kg4 Rc5 50.a5 Kh7
51.a6 Ra5 52.Ra8 Kg6 53.a7 Ra4+ 54.Kg3 Kg5 55.Kg2 Kg4 56.Kf2 Ra3 57.Ke2 h5
58.Kf2 h4 59.Rb8 Rxa7 60.Rb4+ Kh5  0-1

[Event "Katowice op"]
[Site "Katowice"]
[Date "1993.??.??"]
[Round "9"]
[White "Mochalov, Evgeny V"]
[Black "Erneste, Inguna"]
[Result "1-0"]
[WhiteElo "2445"]
[BlackElo "2365"]

1.d4 d5 2.c4 e6 3.Nf3 Nf6 4.g3 Be7 5.Bg2 O-O 6.Nc3 dxc4 7.O-O c5 8.dxc5 Qa5
9.Qd4 Nc6 10.Qxc4 Qxc5 11.Qxc5 Bxc5 12.Bf4 Re8 13.Ne5 Nxe5 14.Bxe5 Ng4 15.Bc7 Re7
16.Ba5 f5 17.Na4 Bd4 18.Rad1 Rd7 19.e3 Bf6 20.Rxd7 Bxd7 21.Bxb7 Rb8 22.Nc5 Bc8
23.Bxc8 Rxc8 24.b4 Kf7 25.Rd1 Ne5 26.Nd7 Nc4 27.Nxf6 Nxa5 28.Nxh7 Kg6 29.bxa5 Kxh7
30.Rd7 Rc2 31.Rxa7 Rxa2 32.Re7  1-0

[Event "Las Palmas Pirez"]
[Site "Las Palmas"]
[Date "1993.??.??"]
[Round "6"]
[White "Cifuentes Parada, Roberto"]
[Black "Castellano, Jose"]
[Result "1-0"]
[WhiteElo "2495"]
[BlackElo "2255"]

1.d4 d5 2.c4 e6 3.Nf3 Nf6 4.g3 Be7 5.Bg2 O-O 6.O-O Nbd7 7.Qc2 c6 8.Nbd2 b6
9.e4 Nxe4 10.Nxe4 dxe4 11.Qxe4 Bb7 12.Rd1 Qc8 13.Qe2 Re8 14.Bg5 Bxg5 15.Nxg5 Nf6
16.c5 b5 17.f4 Qc7 18.Nf3 Red8 19.a4 a6 20.a5 Re8 21.Ne5 Rad8 22.Qe1 Nd5
23.b4 Ne7 24.Ra3 Nd5 25.Rad3 Bc8 26.Qd2 Bb7 27.Re1 Qe7 28.h4 Qc7 29.Kf2 f6
30.Nf3 Bc8 31.Qb2 Re7 32.Rd2 Rde8 33.Rde2 Bd7 34.Nd2 Bc8 35.Kg1 g5 36.Ne4 gxf4
37.Nd6 fxg3 38.Bxd5 cxd5 39.Nxe8 Rxe8 40.Qd2 Qg7 41.Qf4 Kh8 42.Rf1 f5 43.Rf3 Rg8
44.Rg2 Qf6 45.Rfxg3 Re8 46.h5  1-0

[Event "SWE-ch"]
[Site "Lindesberg"]
[Date "1993.??.??"]
[Round "4"]
[White "Ornstein, Axel"]
[Black "Lyrberg, Patrik"]
[Result "0-1"]
[WhiteElo "2440"]
[BlackElo "2420"]

1.Nf3 d5 2.c4 e6 3.g3 Nf6 4.Bg2 Be7 5.d4 O-O 6.Nc3 dxc4 7.Ne5 Nc6 8.Bxc6 bxc6
9.Nxc6 Qd6 10.Nxe7+ Qxe7 11.Qa4 c5 12.Qxc4 cxd4 13.Qxd4 e5 14.Qa4 Rb8 15.Bg5 Rxb2
16.O-O Bh3 17.Qh4 Bxf1 18.Ne4 Qb7 19.Bxf6 Bxe2 20.h3 Rb1+ 21.Rxb1 Qxb1+ 22.Kg2 Qf1+  0-1

[Event "SWE-ch"]
[Site "Lindesberg"]
[Date "1993.??.??"]
[Round "8"]
[White "Eriksson, Magnus"]
[Black "Ernst, Thomas"]
[Result "1/2-1/2"]
[WhiteElo "2365"]
[BlackElo "2480"]

1.Nf3 d5 2.d4 Nf6 3.c4 e6 4.g3 Be7 5.Bg2 O-O 6.O-O dxc4 7.Ne5 Nc6 8.Nxc6 bxc6
9.Bxc6 Rb8 10.Nc3 Nd5 11.e4 Nb4 12.Bb5 Nd3 13.Be3 Bb4 14.a4 a6 15.Bxc4 Nxb2
16.Qb3 Nxc4 17.Qxc4 a5 18.Bf4 Bb7 19.Rac1 Qd7 20.d5 Bxc3 21.dxe6 Qxe6 22.Qxe6 fxe6
23.Rxc3 Bxe4 24.Rxc7 Rb7 25.Rfc1  1/2-1/2

[Event "RUS-sf"]
[Site "Lipetsk"]
[Date "1993.??.??"]
[Round "?"]
[White "Lavrov, Andrey"]
[Black "Rodin, Mihail"]
[Result "1/2-1/2"]
[WhiteElo "2350"]
[BlackElo "2345"]

1.d4 d5 2.c4 e6 3.Nf3 Nf6 4.g3 Be7 5.Bg2 O-O 6.O-O dxc4 7.Qc2 a6 8.Qxc4 b5
9.Qc2 Bb7 10.Bf4 Nc6 11.Rd1 Nb4 12.Qc1 Qc8 13.Bg5 c5 14.Bxf6 gxf6 15.a3 Nd5
16.e4 Nb6 17.Qf4 cxd4 18.Nxd4 Kh8 19.Nc3 e5 20.Qh6 exd4 21.Bh3 dxc3 22.bxc3 Rg8
23.Bxc8 Raxc8 24.Qh5 Rg6 25.a4 Rc5 26.Qe2 Re5 27.axb5 axb5 28.Ra7 Bc6 29.Rc7 f5
30.Qa2 Rge6 31.Rxc6 Rxc6 32.Qxf7 Rf6 33.Qe8+ Kg7 34.exf5 Rfxf5 35.Rd4 h5  1/2-1/2

[Event "Lisboa-ch"]
[Site "Lisboa"]
[Date "1993.??.??"]
[Round "8"]
[White "Alexandre, Jorge"]
[Black "Almeida, Jose T"]
[Result "1/2-1/2"]
[WhiteElo "2300"]
[BlackElo "2235"]

1.d4 d5 2.c4 e6 3.Nf3 Nf6 4.g3 Be7 5.Bg2 O-O 6.O-O dxc4 7.Qc2 Bd7 8.Qxc4 Bc6
9.Nc3 Nbd7 10.Qd3 Nd5 11.Nxd5 Bxd5 12.Re1 f5 13.Nd2 Bxg2 14.Kxg2 Nf6 15.Qb3 Qd5+
16.Qxd5 exd5 17.Nf3 Bd6 18.Bf4 Ne4 19.Rec1 c6 20.Bxd6 Nxd6 21.Ne5 Rfe8 22.Kf1 Kf8
23.a4 Ke7 24.Ra3 Rec8 25.Rb3 Rc7 26.Ke1 Rac8 27.Rbc3 Ne4 28.R3c2 Kd6 29.f3 Nf6
30.Nd3 Nd7 31.b4 Nf8 32.Nc5 Re7 33.b5 Ne6 34.Nxe6 Rxe6 35.a5 Kd7 36.Rb1 cxb5
37.Rxc8 Kxc8 38.Rxb5 Rd6 39.Kd2 b6 40.Kd3 Kc7 41.axb6+ axb6 42.e4 fxe4+ 43.fxe4 Kc6
44.Rb2 dxe4+ 45.Kxe4 Re6+ 46.Kd3 Re1 47.Rf2 Re7 48.Rf5 Ra7 49.Rg5 Kd6 50.Rh5 g6
51.Rg5 Ra5 52.Rg4 Ra2 53.Rh4 h5  1/2-1/2

[Event "Ljubljana op"]
[Site "Ljubljana"]
[Date "1993.??.??"]
[Round "?"]
[White "Podvrsnik, Marko"]
[Black "Saradjen, Janko"]
[Result "1-0"]
[WhiteElo "2215"]
[BlackElo "2180"]

1.c4 Nf6 2.d4 e6 3.g3 d5 4.Bg2 Be7 5.Nf3 O-O 6.O-O b6 7.Nc3 Bb7 8.Ne5 c6
9.e4 h6 10.b3 c5 11.exd5 exd5 12.cxd5 cxd4 13.Qxd4 Bc5 14.Qc4 Ba6 15.Nb5 Qe8
16.Nc6 Nxd5 17.Bxd5 Nxc6 18.a4 Rc8 19.Bb2 Ne5 20.Qe4 Nc6 21.Qg6 Ne5 22.Qf5 Rd8
23.Nc7 Qe7 24.Qxe5 Qxe5 25.Bxe5 Bxf1 26.Rxf1 Bd6 27.Bxd6 Rxd6 28.Bc4 Rd7
29.Nd5 Rfd8 30.Ne3 Kf8 31.Kg2 Rd2 32.h4 Rb2 33.Nd5 Rd6 34.Re1 Rd2 35.Nf4 g6
36.Re3 Rf6 37.Nd3 g5 38.hxg5 hxg5 39.Re5 Rc6 40.Re3 Rf6 41.Re5 Rd6 42.Ne1 f6
43.Re3 a5 44.g4 Ra2 45.Nf3 Ra1 46.Be6 Ra2 47.Re4 Rb2 48.Bc4 Ra2 49.Nd4 Rb2
50.Ne6+ Kf7 51.Nxg5+ Kg6 52.Nf3 f5 53.Re5 fxg4 54.Rg5+ Kh6 55.Rxg4 Rd1 56.Be6 Rd6
57.Bc4 Rd1 58.Kg3 Rc1 59.Ne5 Rd1 60.Nf7+  1-0